| 000 | 00664nam a22001813n 4500 | ||
|---|---|---|---|
| 001 | FRBNF323039560000003 | ||
| 003 | http://catalogue.bnf.fr/ark:/12148/cb323039560 | ||
| 005 | 20241101185531.0 | ||
| 008 | 241101b |||||||| |||| 00| 0 eng d | ||
| 020 | _a9781584777175 | ||
| 050 |
_aK252 _b.K45 |
||
| 245 |
_aGeneral Theory of Law and State / _cby Hans Kelsen |
||
| 260 |
_aNew Jersey _bThe Lawbook Exchange Ltd _cc2009 |
||
| 300 |
_axxxiii, 516 pages _bIndex _c23cm |
||
| 700 |
_311909571 _oISNI0000000121266076 _aKelsen _bHans _4070 |
||
| 700 |
_aAnders Wedberg (Assistant Professor of Philosophy in the University of Stockholm) _4translated |
||
| 942 |
_2lcc _cBK _n0 |
||
| 999 |
_c540 _d540 |
||